Religions en Corée du Sud - Statistiques

Statistiques générales
  • Ce quiz a été pris 143 fois
  • Le résultat moyen est 2 sur 5
Statistiques - réponses
% Religions % Correct
30,1 Christianisme
90%
21,9 Bouddhisme
88%
46,6 Athéisme
45%
1-3 Chamanisme coréen
2%
<1 Cheondoïsme
1%
Aucun quiz correspondant
Distribution des résultats
% des personnes avec chaque résultat
Percentile par nombre de réponses
Votre historique - résultats
Vous n’avez pas pris ce quiz